[Event "Beersheba-Peterburg Kings m"]
[Site "St Petersburg"]
[Date "1999.06.06"]
[Round "2"]
[White "Aseev, Konstantin N"]
[Black "Mikhalevski, Victor"]
[Result "1/2-1/2"]
[WhiteElo "2519"]
[BlackElo "2531"]
[Annotator "Mikhalevski,V"]
[PlyCount "110"]
[EventDate "1999.06.??"]
[EventType "schev"]
[EventRounds "10"]
[EventCountry "RUS"]
[SourceTitle "CBM 072"]
[Source "ChessBase"]
[SourceDate "1999.10.01"]
[SourceVersion "1"]
[SourceVersionDate "1999.10.01"]
[SourceQuality "1"]

1. e4 e5 2. Nf3 Nc6 3. Bb5 a6 4. Ba4 Nf6 5. O-O Nxe4 6. d4 b5 7. Bb3 d5 8. dxe5
Be6 9. c3 Bc5 10. Nbd2 O-O 11. Bc2 Nxf2 12. Rxf2 f6 13. exf6 Bxf2+ 14. Kxf2
Qxf6 15. Nf1 ({Last year Aseev played} 15. Kg1 {but after} Rae8 16. Nf1 Ne5 17.
Be3 Nxf3+ 18. Qxf3 Qxf3 19. gxf3 Rxf3 20. Bf2 Bh3 21. Ng3 g6 22. Re1 Rxe1+ 23.
Bxe1 c5 $5 $146 {Black is probably not worse} 24. Bf2 c4 25. a4 (25. Ne2 Rd3 $1
26. Be1 Rf3 $11) 25... bxa4 26. Bxa4 Rf8 $13 {1/2-1/2 Aseev,K-Mikhalevski,V/
Beer-Sheva 1998 (51)}) 15... Ne5 16. Be3 Rae8 17. Bc5 (17. Kg1 {after} Nxf3+
18. Qxf3 Qxf3 19. gxf3 Rxf3 {leads to 15.Kg1}) 17... Nxf3 18. gxf3 Rf7 19. Kg1
(19. Kg2 {is another option}) 19... Qxf3 20. Qxf3 Rxf3 21. Re1 {Only now White
leave the last year game.} ({With the aid of} 21. Bf2 Bh3 22. Ng3 g6 23. Re1 {
Aseev still could get his favourite endgame.See 15.Kg1 again.}) 21... Kf7 22.
Nd2 $5 $146 {[%mdl 8] This time Konstantin comes with an interesting novelty.}
(22. Ng3 g6 23. a4 (23. Rf1 Rxf1+ 24. Nxf1 d4 25. Bxd4 Bxa2 26. Ne3 Ke6 27. Kf2
Kd6 28. b4 a5 29. bxa5 Ra8 30. Bd3 Rxa5 31. Ng4 c5 32. Be5+ Kd5 $15 {0-1 Hala,
M-Sandor,C/Pardubice 1996/CBM 55 ext (45)}) 23... h5 24. Rf1 Rxf1+ 25. Nxf1 Bf5
26. Bxf5 gxf5 27. axb5 axb5 28. Kf2 Ra8 29. Kg3 Ke6 30. Ne3 Ra2 31. Nd1 Ra1 32.
Nf2 Rg1+ 33. Kf3 h4 34. Bd4 Rc1 35. b4 c5 36. bxc5 b4 {Kalod,R-Mikhalevski,A/
Pardubice 1996/CBM 55 ext/1/2-1/2 (46)}) (22. Re2 $5 Bh3 23. Rf2 Rf6 24. Ne3
Re5 $2 25. Rxf6+ gxf6 26. Kf2 $14 {Shmuter,L-Mikhalevski,V/Rishon le Zion 1995/
CBM 46/[Ernst]/1-0 (72)}) 22... Rf4 $8 23. Bf2 $6 {[%cal Gf2g3]} (23. Be3 $5 {
deserves serious attention.In the following complications White obtain
slightly better play.} Bf5 (23... Bh3 $5 24. Bxf4 Rxe1+ 25. Kf2 Ra1 $13 (25...
Re7 26. Nf3)) (23... Rf6 $2 24. Bg5 {[%csl Rf6]} Bf5 25. Rxe8 Rg6 26. Re5 $1
$18) (23... Bd7 $5) 24. Bxf4 (24. Bb3 c6) 24... Rxe1+ 25. Kf2 Re6 $1 26. Bb3 $1
(26. Bxf5 $5 Rf6 27. Bxc7 (27. Bxh7 Rxf4+ 28. Kg3 Rf6 $1 {[%cal Gg7g6]} (28...
Ra4 $6 {[%cal Ga4a2,Gg7g6]} 29. Bb1 {[%csl Ra4]} d4 $140 (29... b4 30. c4 $1 {
[%csl Ra4]}) 30. Bc2 $1 Ra5 31. b4 Ra3 32. Nb1 $18)) 27... Rxf5+ 28. Ke3 $14)
26... c6 27. Nf3 Kf6 $1 28. Nd4 (28. Bg5+ $5) 28... Re4 29. Bg3 (29. Kf3 g5) (
29. Kg3 g5) (29. Bd6 $5 Bd7 (29... Re8 $5) 30. Bc2 Re8 31. Bxh7 $140 g6 32. Nf3
$1 Kg7 (32... Bg4 $142 $1 {[%csl Rh7][%cal Gg4f3]}) 33. Ng5 (33. Bxg6 $2 Kxg6
34. Ne5+ Kf5 35. Nxd7 Ke6 $19) 33... Kh6 34. h4 (34. Bf4 Rh8 35. Ne4+ g5 $1 36.
Nxg5 Rxh7 37. Nxh7+ Kxh7 38. b4 $14) 34... Rh8 35. Kg3 $1 Rxh7 $140 $2 36. Bf8+
Rg7 37. Kf4 $18 {[%cal Gf4e5,Ge5f6]}) 29... Bd7 (29... Bg4 $5) 30. Bc2 Re7 31.
b4 $1 $14 {[%csl Ra6,Rc6][%cal Ga2a4,Ga4a5,Gd4b3,Gb3c5]}) 23... c6 $1 24. Bg3 (
24. Nb3 $5 Bf5 $140 $2 (24... g6 $142 $1 25. Nc5 (25. Bg3 Bh3 $1) 25... Bc8 (
25... Bf5 26. Rxe8 Kxe8 27. Bxf5 (27. Bg3 Rf3 28. Kg2 $2 Rxg3+ $1) 27... Rxf5
28. Nxa6) 26. Rxe8 Kxe8 27. b4 $13) 25. Rxe8 Kxe8 26. Bg3 Rf3 27. Nd4) 24...
Rf6 25. Kg2 {Probably White should already think about clear equality by means
of 25.B:h7 as after serial of exchanges which has occuried in the game Black
gets slightly better position.} (25. Bxh7 $5 g6 26. Re3 $1 (26. Be5 Rf5 {
[%cal Gf5h5]} 27. Bd4 $140 c5 28. Bxc5 Kg7 {[%csl Rh7]}) 26... Rf5 (26... Rh8
$2 27. Nf3 $1) 27. Nf3 Rxf3 28. Rxf3+ Kg7 29. Bxg6 Kxg6 $11) 25... Bf5 $1 {
[%mdl 32] It's very useful to exchange as many pieces as possible since pair
B+N loses part of its strength.} 26. Rxe8 Kxe8 27. Bxf5 Rxf5 $15 {[%mdl 4096]}
28. b4 $1 {[%csl Ra6,Rc6][%cal Gd2b3,Gb3d4,Gb3c5]} d4 $1 $36 {[%mdl 32] Very
important move.It has two main ideas:1) Black's king is threatening to become
very dangerous if he reaches the centre (the d5-square) and 2)the d4-square is
not accessible anymore for White's knight.} 29. cxd4 (29. Ne4 Rd5 $5 (29... Ke7
30. cxd4 {see 29.cd})) 29... Ke7 30. Ne4 (30. Be5 Ke6 31. Ne4 Kd5 {leads to 30.
Ne4}) 30... Ke6 31. Nc3 {A bit passively.} ({After} 31. Be5 $5 Kd5 32. Nc5 $1 {
the position is about equal.} (32. Nd6 Rf8 {[%cal Ga6a5]} 33. Nb7 $1 Rf7 34.
Nc5)) (31. Nc5+ Kd5 32. Be5 $5 (32. Bf2 Rf7 $15 {[%cal Gf7a7,Ga6a5]}) (32. Nxa6
$6 {gives some chances to Black.} Rf7 $1 {[%csl Ra2][%cal Gf7a7]} (32... Kxd4)
33. Bc7 $5 (33. Nc5 Ra7 $15 {[%csl Ra2,Rb4,Rd4]}) 33... Kxd4 34. Nc5 (34. Bb6+
Kc4 35. Bc5 Rd7 $1 36. Nb8 Rd2+ 37. Kg3 Kd5 $15) (34. Ba5 $5) 34... Kc4 35. Ba5
Ra7 $1 {[%cal Ga7a5]} 36. Nb3 {keeping the position})) 31... Rf7 {[%cal Ga6a5,
Gg7g5] preparing a6-a5 and offensive on the king side.} 32. a3 (32. a4 $5 bxa4
33. Nxa4 Kd5 34. Bf2 Rb7 35. Nc5 Rxb4 36. Nxa6 $11) 32... g5 {[%cal Gg5g4,
Gf7f3]} 33. h3 Kf5 $5 {bringing the king to defence of the g5-pawn and
covering Ne4.} (33... h5 34. Ne4 Rf5 (34... Kd5 35. Nxg5 Rf5)) 34. Kf3 ({
Variation like} 34. d5 cxd5 35. Nxd5 Ke4 $1 (35... Rd7 36. Nc7) 36. Nc7 Rf6 $1
{[%csl Ra3,Rb4][%cal Ge4d4,Gd4c4,Gc4b3] show that White still has to play
carefully to keep equality.}) 34... Kg6+ 35. Kg2 {In the severe time-trouble
Aseev decides to stay with the king on the king side.} h5 {[%cal Gg5g4,Gf7f3]
preparing penetration into the White's camp.} 36. Ne4 g4 37. hxg4 hxg4 38. Nd2
$6 {White starts to panic.} (38. Nc5 {is simplier.}) 38... Kf5 39. Nb3 (39. Kf2
$5) 39... Ke4 40. Nc5+ Kxd4 (40... Kd5 $5 41. Nxa6 Rf3) 41. Nxa6 Rf3 42. Nb8 $1
Kd5 43. Nd7 Rxa3 44. Nf6+ Kc4 45. Bd6 $1 {Most simple way to equalize..} (45.
Nxg4 $6 {brings unnecessary troubles.} Ra2+ $1 (45... Kxb4 46. Bd6+ c5 47. Ne5
Ra6 48. Bf8 Rf6 $140 49. Bxc5+ Kxc5 50. Nd7+ Kd4 51. Nxf6 b4 52. Kf3 b3 53. Ne4
b2 54. Nd2 $11) 46. Kf3 Kxb4) 45... Rd3 $5 ({or} 45... g3 46. Bc5 Rb3 47. Ne4
Rxb4 48. Bxb4 Kxb4 49. Kxg3 $11) 46. Bc5 Rb3 {Now White's knight will be
further,but it can't change the evalution.} 47. Nxg4 Rxb4 48. Bxb4 Kxb4 49. Kf3
Kc3 50. Ke2 b4 51. Kd1 Kb2 52. Ne5 b3 53. Nxc6 Ka1 54. Nd4 b2 55. Nb3+ (55.
Nc2+ $4 {It wasn't late to make a decisive mistake.} Ka2 56. Nb4+ Kb3 $19)
55... Ka2 (55... Ka2 56. Nd2 $11 {Working very hard knight is dying on the
place of its birth.} (56. Nc1+ Ka3 57. Kc2 $11)) 1/2-1/2

[Event "URS-ch48 First League"]
[Site "Tashkent"]
[Date "1980.10.??"]
[Round "?"]
[White "Tseshkovsky, Vitaly"]
[Black "Sideif Sade, Fikret Israfil O"]
[Result "1-0"]
[WhiteElo "2595"]
[BlackElo "2320"]
[Annotator "Moiseev,V"]
[PlyCount "64"]
[EventDate "1980.10.02"]
[EventType "tourn"]
[EventRounds "17"]
[EventCountry "URS"]
[EventCategory "10"]
[SourceTitle "MCL"]
[Source "ChessBase"]
[SourceDate "1999.07.01"]
[SourceVersion "1"]
[SourceVersionDate "1999.07.01"]
[SourceQuality "1"]

1. e4 e5 2. Nf3 Nc6 3. Bb5 a6 4. Ba4 Nf6 5. O-O Nxe4 6. d4 b5 7. Bb3 d5 8. dxe5
Be6 9. c3 Bc5 10. Nbd2 O-O 11. Bc2 Bf5 12. Nb3 Bg6 13. Nfd4 Bxd4 (13... Nxd4
14. cxd4 Bb6 15. f3 Ng5 16. Bxg5 $1 Qxg5 17. f4 $16 {Kostro,J-Pioch,Z/Polska/
1973/1:0/40}) 14. cxd4 a5 15. Bd3 $6 (15. Be3 a4 16. Nc1 a3 17. b3 f6 18. Nd3 {
N} b4 (18... fxe5 19. Nxe5 Nxe5 20. Bxe4 Bxe4 21. dxe5 $14 {Aseev,K-Korneev,O/
Krumbach/1991/}) 19. Qe1 fxe5 20. Nxe5 Nxe5 21. dxe5 $14 {Chekhov,V-Gorelov,S/
Beskidy/1992/0,5/ 46}) 15... Qb8 (15... a4 $2 16. Bxb5 $1) 16. Bf4 Nb4 $6 (
16... a4 $5 17. Bxe4 (17. Nc1 Qb6) 17... dxe4 (17... Bxe4 18. Nc5 $16) 18. Nc5
Rd8 19. d5 Nb4 (19... Qb6 $5 20. Be3 (20. Rc1 Nb4) 20... Nxe5 21. Ne6 Qd6 22.
Nxd8 Rxd8 $44) 20. d6 cxd6 21. exd6 Nd3 $10) (16... Qb6 $1 {Sideif Zade} 17.
Rc1 Nb4 18. Bb1 a4 19. Nc5 Nxc5 20. dxc5 Qe6 $15) 17. Nc1 $1 Qb6 18. Bb1 f6 19.
exf6 Qxf6 20. Ne2 $16 (20. Bxc7 $2 Nxf2) 20... a4 $6 (20... c6 $142) 21. a3 Nc6
$6 (21... Na6 22. Ba2 c6 23. Rc1 $16) 22. Ba2 (22. Bxc7 $2 Nxf2 23. Qe1 Bxb1
24. Rxb1 Qe7 $1 $10) 22... Rad8 23. Rc1 $1 $18 Qe6 (23... Rf7 24. f3 $18) (
23... Nxd4 24. Qxd4 Qxd4 25. Nxd4 Rxf4 26. Ne6 $18) 24. Bxc7 Rd7 25. Nf4 Rxf4
26. Bxf4 h6 27. f3 Nf6 28. Re1 Qf5 29. g3 Ne7 30. Bb1 Qh5 31. g4 Qh3 32. Rxe7
Nxg4 1-0

[Event "Hoogovens-B"]
[Site "Wijk aan Zee"]
[Date "1990.01.??"]
[Round "8"]
[White "Polgar, Judit"]
[Black "Hellers, Ferdinand"]
[Result "1-0"]
[WhiteElo "2550"]
[BlackElo "2525"]
[Annotator "Polgar,J"]
[PlyCount "83"]
[EventDate "1990.01.??"]
[EventType "tourn"]
[EventRounds "11"]
[EventCountry "NED"]
[EventCategory "9"]
[SourceTitle "CBM 017"]
[Source "ChessBase"]
[SourceDate "1990.08.01"]
[SourceVersion "1"]
[SourceVersionDate "1990.08.01"]
[SourceQuality "1"]

1. e4 {Schussler} e5 2. Nf3 Nc6 3. Bb5 a6 4. Ba4 Nf6 5. O-O Nxe4 6. d4 b5 7.
Bb3 d5 8. dxe5 Be6 9. c3 Bc5 10. Nbd2 O-O 11. Bc2 Bf5 12. Nb3 Bg6 13. Nfd4 Bxd4
14. Nxd4 Qd7 15. a4 $6 {TN} (15. Nxc6 Qxc6 16. Be3 Rfe8 17. f3 $2 Nxc3 {
Speelman,J-Timman,J/London 1989/ -> CBM 15} (17... Nxc3 $1 {Schussler} 18. Qd2
Bxc2 19. Qxc2 Rxe5 20. Rae1 Ne2+ 21. Rxe2 Qxc2 22. Rxc2 Rxe3 $15 {
Speelman-Timman (m6) 1989.})) 15... Nxe5 16. f4 (16. axb5 axb5 17. Rxa8 Rxa8
18. f4 Nc6 (18... c5 19. fxe5 cxd4 20. cxd4 {= / +/=}) 19. Nxb5 {= / +/=})
16... Nc6 (16... c5 17. fxe5 cxd4 18. Qxd4 $2 {>= 18.cxd4 !} Ng3 $1) 17. Nxc6
Qxc6 18. f5 Qb6+ $6 (18... Qc5+ $1 19. Qd4 Bh5 20. Bf4 Qc6) 19. Qd4 (19. Kh1 $2
Nf2+ 20. Rxf2 Qxf2 21. fxg6 Rae8 $19) 19... Qxd4+ 20. cxd4 Bh5 21. Bf4 c6 {
/\ ...Bg4, g6} 22. h3 f6 23. Rfc1 Rfd8 (23... Rfc8 24. Bxe4 dxe4 25. axb5 cxb5
26. Rxc8+ Rxc8 27. Rxa6 Rd8 28. Ra7 Rxd4 $2 29. Ra8+ Kf7 30. g4 $18) 24. axb5 (
24. Bb3 Be8) 24... cxb5 (24... axb5 25. Rxa8 Rxa8 26. Bxe4 dxe4 27. Rxc6) 25.
Bb3 Bf7 26. Rc7 Nd6 (26... a5 27. Re1 a4 28. Rxe4 axb3 29. Ree7 Rf8 30. Bd6
Rac8 31. Rxf7 $18) 27. Bxd6 Rxd6 28. Rb7 {/\ Rxb5} Rad8 (28... Be8 29. Re1) (
28... Re8 29. Rc1 Re3 30. Rcc7 $18) 29. Ra7 h5 30. R1xa6 Rxa6 31. Rxa6 Re8 (
31... Rc8 32. Rb6 (32. Ra1 $1 {/\ Kf2 +-}) 32... Rc1+ 33. Kh2 Rb1 34. Rxb5 Rxb2
35. Rb8+ Kh7 36. Rb7 Bg8 37. Bxd5 Rd2 38. Bxg8+ Kxg8 39. Rd7 h4 $10) 32. Kf2
Re4 33. Ra8+ Kh7 34. Rf8 Re7 (34... Bg8 $2 35. Rxg8 Rf4+ 36. Kg3 $2 (36. Ke3 $1
Re4+ 37. Kd3 $18) 36... Rxd4) 35. Bc2 Be8 (35... b4 36. Rb8) 36. Bd3 b4 37. g3
b3 38. h4 Bc6 39. Rc8 Bb7 40. Rc3 Rd7 41. Rxb3 Rc7 42. Rc3 (42. Rc3 Rxc3 43.
bxc3 Bc6 44. Kf3 Kg8 45. Ba6 {/\ Ba6-c8-e6-g8-h7}) 1-0

[Event "Hoogovens-B"]
[Site "Wijk aan Zee"]
[Date "1990.01.??"]
[Round "5"]
[White "Polgar, Sofia"]
[Black "Van der Sterren, Paul"]
[Result "1-0"]
[WhiteElo "2410"]
[BlackElo "2515"]
[Annotator "Polgar,S"]
[PlyCount "65"]
[EventDate "1990.01.??"]
[EventType "tourn"]
[EventRounds "11"]
[EventCountry "NED"]
[EventCategory "9"]
[SourceTitle "CBM 017"]
[Source "ChessBase"]
[SourceDate "1990.08.01"]
[SourceVersion "1"]
[SourceVersionDate "1990.08.01"]
[SourceQuality "1"]

1. e4 {Schussler} e5 2. Nf3 Nc6 3. Bb5 a6 4. Ba4 Nf6 5. O-O Nxe4 6. d4 b5 7.
Bb3 d5 8. dxe5 Be6 9. c3 Bc5 10. Nbd2 O-O 11. Bc2 Bf5 12. Nb3 Bg6 13. Nbd4 $6 {
13.[]fd4} Nxd4 14. Nxd4 Bb6 15. Be3 Re8 $6 (15... c5 $2 16. Nc6 Qd7 17. Qxd5
$16) (15... Qd7) (15... Qe8 $5 16. f4 f6) 16. a4 Qd7 17. axb5 axb5 18. Rxa8
Rxa8 19. Bd3 c6 20. f4 Re8 (20... Ba7 21. Kh1 f5 22. exf6 $16) 21. Kh1 f6 $4 (
21... Bxd4 22. Bxd4 Bf5 23. Qe2 $14) (21... f5 $2 22. Nxf5 $18) 22. e6 Rxe6 23.
f5 $1 (23. Nxe6 Bxe3 $44) 23... Bxf5 24. Nxf5 Bxe3 25. Nxe3 Nxc3 26. Qg4 (26.
bxc3 Rxe3 $16) 26... Ne4 27. Bxe4 dxe4 28. Rxf6 Rd6 29. Qxd7 Rxd7 30. Rxc6 Rd3
31. Rc3 Rd2 32. Rc2 Rd3 33. Re2 1-0

[Event "Corus-B"]
[Site "Wijk aan Zee"]
[Date "2002.01.24"]
[Round "8"]
[White "Cuijpers, Frans Andre"]
[Black "Sokolov, Ivan"]
[Result "0-1"]
[WhiteElo "2458"]
[BlackElo "2659"]
[Annotator "Postny,E"]
[PlyCount "66"]
[EventDate "2002.01.15"]
[EventType "tourn"]
[EventRounds "11"]
[EventCountry "NED"]
[EventCategory "11"]
[SourceTitle "CBM 087"]
[Source "ChessBase"]
[SourceDate "2002.03.21"]
[SourceVersion "1"]
[SourceVersionDate "2002.03.21"]
[SourceQuality "1"]

1. e4 e5 2. Nf3 Nc6 3. Bb5 a6 4. Ba4 Nf6 5. O-O Nxe4 6. d4 b5 7. Bb3 d5 8. dxe5
Be6 9. Nbd2 Nc5 10. c3 Bg4 {More sharp alternative is 10...d4.} 11. Bc2 Qd7 {
Other main line continues with 11...Be7.} 12. Re1 Ne6 (12... d4 {- see the
game Leko,P-Anand,V/Linares 1999/CBM 70 [Mikhalevski,V]}) (12... Rd8 {- is the
main line.}) 13. a4 $146 (13. Nf1 Bh5 14. Ne3 Rd8 15. g4 Bg6 16. Nf5 Bc5 17. a4
O-O (17... b4 $142) 18. axb5 axb5 19. Bd3 Ne7 20. b4 Bb6 21. Qe2 c6 22. Ra6 Rb8
23. Be3 $16 {1-0 Zagrebelny,S-Magomedov,M/Moscow 1983/EXT 2002 (42)}) 13... b4
14. Nb3 $6 {This knight manoeuvre does not seems to me the strongest one.The N
on b3 may become unemployed, because it's not easy to occupy the important d4
square with the N due to an unpleasant pin on the h5-d1 diagonal. 14.Nf1 looks
better preparing to harass black's Bg4 with h2-h3 and Nf1-g3.} bxc3 15. bxc3
Be7 16. h3 Bh5 {Black can be satisfied with the results of the opening.} 17.
Bf5 (17. Bd3 $5 O-O 18. Be2 {[%cal Yb3d4]}) 17... Rb8 {[%csl Rb3][%cal Gh5f3]}
18. g4 $6 {A very risky decision.Unpinning the Nf3 white seriously weakens his
kingside.} ({Logical is} 18. Nbd4 {with approximate equality.}) 18... Bg6 19.
Be3 h5 {Starting to exploit the weakness of the white K.} 20. Qc2 (20. Nbd4
hxg4 21. hxg4 Bxf5 22. Nxf5 g6 23. Nxe7 Nxe7 $15) 20... hxg4 21. hxg4 Bxf5 22.
gxf5 {[%tqu "En","Find the best move for black.","","","d5d4","",20,"e6d8","",
0]} d4 $1 {[%csl Gd5][%cal Gd7d5,Rd5b3,Rd5h1]} ({In case of} 22... Ned8 $6 23.
Nbd4 {white consolidates the position.}) 23. Nbxd4 (23. fxe6 $2 Qxe6 $19 {
[%csl Rb3,Re3,Rg1][%cal Re6g4,Re6b3]}) (23. cxd4 $2 Qd5 $40) 23... Qd5 24. Qd1
$2 {After this move white's position falls apart by force.} (24. Kg2 $1 {
Looks very dangerous for white, but the following variations confirm, that
black's initiative sufficient only for a draw.} Nexd4 (24... Ncxd4 $2 25. cxd4
Rh3 26. Qd1) 25. cxd4 (25. Bxd4 {[%cal Gc2e4]} Nxd4 (25... Rh4 26. Kg3 Rh3+ 27.
Kxh3 Qxf3+ 28. Kh2 Kd7 29. e6+ Kd6 30. Bxg7 Qf4+ 31. Kg2 Qg4+ 32. Kf1 Qh3+ 33.
Ke2 Qg4+ 34. f3 $16) (25... Rh5 26. Qe4 Qxe4 27. Rxe4 Rxf5 $11) 26. cxd4 Rh4
27. Kg3 Rb3 28. Re3 Rxe3 29. fxe3 $16) 25... Rb3 {[%cal Gc6d4]} (25... Rh4 26.
Kg3 Rh3+ 27. Kxh3 Qxf3+ 28. Kh2 Kd7 29. e6+ $1 $18) 26. Red1 Rh4 27. Kg3 Nxd4
28. Rxd4 (28. Nxh4 $2 Qxe5+ $19) 28... Rxd4 29. Nxd4 Qxd4 30. Qc6+ (30. Qxb3
Qxe5+ 31. Kg2 Qxa1 $15) 30... Kd8 31. Rh1 Rxe3+ 32. fxe3 Qxe3+ {with a
perpetual.}) (24. Qa2 $2 Qe4 $19) (24. c4 $2 Ncxd4 25. cxd5 Nxc2 $19) 24...
Nexd4 25. Bxd4 (25. cxd4 Bb4 $19 {[%csl Re1][%cal Rd5e4,Re4g4]}) 25... Nxd4 26.
cxd4 Rb3 $1 27. Re3 (27. Kg2 Rxf3 28. Qxf3 Rh2+ $19) 27... Rxe3 28. fxe3 Qe4 {
After the penetration of black's Q white's K is doomed.} 29. Qf1 Qxf5 (29...
Bg5 $1 {was even more devastating for white.}) 30. Rb1 ({More stubborn was:} 
30. Qg2 Rh6 31. Kf1 Qd3+ 32. Kf2 Qc2+ 33. Kf1 Qc3 34. Re1) 30... Rh3 $1 31.
Rb8+ Bd8 32. Nh2 Rg3+ 33. Kh1 Qe4+ 0-1

[Event "Corus"]
[Site "Wijk aan Zee"]
[Date "2002.01.15"]
[Round "3"]
[White "Grischuk, Alexander"]
[Black "Piket, Jeroen"]
[Result "1-0"]
[WhiteElo "2671"]
[BlackElo "2659"]
[Annotator "Postny,E"]
[PlyCount "105"]
[EventDate "2002.01.12"]
[EventType "tourn"]
[EventRounds "13"]
[EventCountry "NED"]
[EventCategory "18"]
[SourceTitle "CBM 087"]
[Source "ChessBase"]
[SourceDate "2002.03.21"]
[SourceVersion "1"]
[SourceVersionDate "2002.03.21"]
[SourceQuality "1"]

1. e4 e5 2. Nf3 Nc6 3. Bb5 a6 4. Ba4 Nf6 5. O-O Nxe4 6. d4 b5 7. Bb3 d5 8. dxe5
Be6 9. Nbd2 Nc5 10. c3 Bg4 {The solid line. Other sharp possibility is 10...d4.
} 11. Bc2 Ne6 {A rare continuation in the position.The main lines are: 11...
Be7 and 11...Qd7.} 12. Re1 Bc5 13. Nf1 ({Possible is:} 13. Nb3 Ba7 14. a4 b4
15. Qd3 Bh5 16. Nfd4 Bxd4 17. cxd4 Bg6 18. Qd1 Bxc2 19. Qxc2 Ncxd4 20. Nxd4
Nxd4 21. Qc5 Ne6 22. Qc6+ Ke7 23. Be3 d4 24. Bxd4 Nxd4 25. Qc5+ Ke6 26. Rad1
Qd5 27. Qxd4 Qxd4 28. Rxd4 $14 {1/2-1/2 Lutz,C-Jussupow,A/Germany 1996/GER-chT
(54)}) 13... Ne7 {[%csl Yd5,Yf5][%cal Ye7d5,Ye7f5]} (13... Bh5 {- see the game
Almasi,Z-Jussupow,A/Ubeda 1997/CBM 58 [Hansen,Cu]}) 14. Ng3 {[%csl Rg4][%cal
Gh2h3]} h5 $1 {The only way to save the bishop out of the exchange.} 15. h3 h4
16. Nf1 Bh5 17. a4 d4 $146 {An attempt to improve this opening variation for
black.} (17... b4 {appeared in the game Adams,M-Sokolov,I/Bosna SuperGM 2000/
CBM 77 [Mikhalevski,V]}) 18. Be4 ({Deserves a closer look} 18. b4 $5 Bb6 19.
Be4 c6 20. Qd3) 18... c6 19. Qc2 {[%csl Rh4]} (19. b4 dxc3 $1 20. bxc5 Qxd1 21.
Rxd1 Nxc5 $13 {[%csl Gb5,Gc3]}) 19... Bxf3 20. Bxf3 Bb6 (20... dxc3 $142 21.
Qxc3 O-O {Black's pieces are well placed, which gives a sufficient
compensation for some pawn weaknesses.}) 21. Nd2 (21. Rd1 $5) 21... O-O 22. Be4
{[%csl Rh4][%cal Yd2f3]} Nc5 $2 {This strange move is the critical mistake as
well.} ({Necessary was} 22... dxc3 23. Qxc3 Rc8 {with reasonable play for
black.}) 23. cxd4 Qxd4 ({After} 23... Nxe4 24. Nxe4 Bxd4 25. Ng5 g6 26. Nf3 {
[%csl Rd4,Rh4][%cal Gc1g5] white has big advantage.}) 24. Nf3 {[%csl Rd4,Rh4]
This is the simple punishment for black's 22...Nc5.} Qc4 (24... Qd7 25. a5 Ba7
26. Bg5 {and white has a winning position.}) 25. Qxc4 bxc4 26. Bg5 ({Less
convincing is} 26. Nxh4 $6 Nd3) 26... Nd5 27. Rac1 c3 (27... Ba5 28. Rxc4 Bxe1
29. Rxc5 Bb4 30. Rxc6 $18) 28. bxc3 Nxa4 $2 ({More stubborn was} 28... Ba5) 29.
c4 {Now there is no matter where black's N goes, white wins material.} Nb4 (
29... Ndc3 30. Bxc6 $18) 30. Be7 {[%csl Rb4,Rf8] White wins the exchange
without any compensation.} Nc5 31. Rb1 a5 32. Bxf8 Rxf8 33. Re2 {Why not 33.
Nh4?} Nxe4 34. Rxe4 Bc5 35. Nd2 ({More precise was} 35. Re2 {preparing Nd2-Ne4.
}) 35... a4 (35... Nd3 {was a bit more stubborn.}) 36. Re2 a3 37. Ne4 Be7 38.
c5 a2 (38... Nd3 39. Ra2 Ra8 40. Rba1 Nxc5 41. Nd6 {and the rest is a matter
of technic for white.}) 39. Ra1 Rd8 40. Nd6 Ra8 41. Rb2 Ra4 42. Kf1 {Black can
not improve his position and can only wait until the Pa2 will be captured.} g6
43. Ke2 Kg7 44. Ne4 {[%csl Ra2][%cal Ge4c3] The Pa2 is doomed.} Nd5 45. f3 Nf4+
46. Kf1 Rc4 47. Rbxa2 Bxc5 48. Ra4 {The RR exchange kills black's last hope.}
Bd4 49. Rxc4 Bxa1 50. Nc3 Nd5 51. Nxd5 cxd5 52. Rxh4 Bxe5 53. Ra4 1-0